Effect of management information system on organizational agility and excellence: A comparative study of India and Iraq (Record no. 393570)

MARC details
000 -LEADER
fixed length control field 00574nam a2200181 4500
005 - DATE & TIME
control field 20250930142128.0
008 - FIXED-LENGTH DATA ELEMENTS--GENERAL INFORMATION
fixed length control field 250930b |||||||| |||| 00| 0 eng d
040 ## - CATALOGING SOURCE
Original cataloging agency VIVEKANANDA LIBRARY
082 ## - DDC NUMBER
Classification number 658.403
Book Number H176E
100 ## - MAIN ENTRY--PERSONAL NAME
Personal name Hameed, Ibrahim Mohammed
245 ## - TITLE STATEMENT
Title Effect of management information system on organizational agility and excellence: A comparative study of India and Iraq
260 ## - PUBLICATION, DISTRIBUTION, ETC. (IMPRINT)
Name of publisher, distributor, etc Deapartment of IMSAR, M D University, Rohtak
Date of publication, distribution, etc 2025
300 ## - PHYSICAL DESCRIPTION
Pages xxvi, 463
650 ## - Subject
Subject Management
650 ## - Subject
Subject Information System
700 ## - Added Entry Personal Name
Added Entry Personal Name Singla, Jagdeep
942 ## - ADDED ENTRY ELEMENTS (KOHA)
Koha item type Thesis
Holdings
Withdrawn status Lost status Source of classification or shelving scheme Damaged status Not for loan Location (home branch) Sublocation or collection (holding branch) Shelving location Date acquired Koha issues (times borrowed) Koha full call number Accession No. Koha date last seen Copy number Koha item type
    Dewey Decimal Classification     VIVEKANANDA LIBRARY VIVEKANANDA LIBRARY IMSAR Library 30/09/2025   658.403 H176E 411221 30/09/2025 R Thesis
© Designed and Maintained by Vivekananda Library, MDU Rohtak